Cities with the Busiest Airports Relative to Size - Statistics

General Stats
  • This quiz has been taken 233 times
  • The average score is 10 of 20
Answer Stats
Passengers (mil) Population (mil) Ratio Region City % Correct
27.8 1.0 28.1 Scandinavia Oslo
83%
88.9 3.6 24.5 Middle East Dubai
82%
27.4 1.5 18.2 Scandinavia Stockholm
82%
29.2 1.6 18.8 Scandinavia Copenhagen/Malmö
76%
31.1 1.6 19.2 Middle East Doha
75%
101.5 5.1 19.8 North America Atlanta
70%
58.3 1.6 35.6 Western Europe Amsterdam
67%
63.7 1.9 33.0 Western Europe Frankfurt
62%
54.0 2.6 20.8 North America Denver
51%
25.0 1.2 21.0 Western Europe Dublin
46%
41.3 2.1 19.4 North America Orlando
45%
26.3 0.8 33.1 Western Europe Zurich
43%
45.4 2.3 20.1 North America Las Vegas
42%
41.7 2.0 20.9 Western Europe Munich
40%
44.9 1.6 28.0 North America Charlotte
39%
23.7 0.6 37.7 Western Europe Palma de Mallorca
31%
26.2 0.4 60.3 Northeast Asia Jeju
26%
20.0 0.9 23.5 Oceania Honolulu
24%
22.7 1.1 20.6 North America Salt Lake City
23%
28.5 0.9 33.5 Middle East Antalya
9%
No matching quizzes found
Score Distribution
Percent of People with Each Score
Percentile by Number Answered
Your Score History
You have not taken this quiz